Sony Bravia KDL-32W4000

Podrobná bibliografia
Hlavný autor: Peťkovský, Alexander (Autor)
Médium: Článok
Jazyk:slovenčina
Fyzický popis:Obr., tab.
ISSN:1336-5754
Predmet:

MARC

LEADER 00000nab a2200000 ar4500
001 vtls009312881
003 SK-MaSNL
005 20260303055819.0
008 080717c2008 xo |||||||||||000 b|slo
015 |a SNBRB2008/07  |2 snkbucl 
038 |a SNKBUCL 
040 |a SNKBUCL  |b slo  |c SNKBUCL  |e AACR2 
041 0 |a slo 
044 |a xo  |c SK 
080 |a 621.397.446  |2 2001 
100 1 |a Peťkovský, Alexander  |4 aut  |9 1034294 
245 1 0 |a Sony Bravia KDL-32W4000  |c Alexander Peťkovský 
300 |b Obr., tab. 
650 0 7 |a Sony Bravia KDL-32W4000 (televízny prijímač)  |2 snkbucl  |9 1051719 
650 0 7 |a LCD televízne prijímače  |2 snkbucl  |9 1034300 
773 0 |t DiGi revue  |g Roč. 4, č. 7-8 (2008), s. 62  |x 1336-5754 
852 |a SNK  |b KIS3GCP 
999 |c 1728987  |d 1730917